Lý thuyết xác suất và thống kê toán học

Đã lưu trong:
Bibliografiske detaljer
Hovedforfatter: Nguyễn, Quang Báu
Format: Bog
Sprog:Undetermined
Udgivet: Hà Nội Đại học quốc gia Hà Nội 2004
Fag:
Tags: Tilføj Tag
Ingen Tags, Vær først til at tagge denne postø!
Thư viện lưu trữ: Trung tâm Học liệu Trường Đại học Cần Thơ
LEADER 00600nam a2200193Ia 4500
001 CTU_74282
008 210402s9999 xx 000 0 und d
020 |b 16000 
082 |a 519.2 
082 |b B111 
100 |a Nguyễn, Quang Báu 
245 0 |a Lý thuyết xác suất và thống kê toán học 
245 0 |c Nguyễn Quang Báu 
260 |a Hà Nội 
260 |b Đại học quốc gia Hà Nội 
260 |c 2004 
650 |a Mathematical statistics,Probabilities 
904 |i Tuyến, Qhieu 
980 |a Trung tâm Học liệu Trường Đại học Cần Thơ